01058nam a22002777a 4500003000400000005001700004007000300021008004100024020001800065040002500083082002300108100005200131245005800183260005100241300002000292500007000312586005100382586004800433590002800481650002400509650002600533910004700559942001400606952014300620999001700763OSt20221004121402.0ta140207s2012 dr 000 0 spa d a9789945475432 aDO-SdBNPbspacBNPHU 4aRD863.5bM953c2221 aMuñiz Patín, Moisés Ignaciod1969-97719410aCuentos mundanos /cMoisés Ignacio Muñiz Patín  aSanto Domingo :bEdiciones Rumbo Norte,c2012. a82 p. ;c23 cm. aIncluye datos biográficos del autor en la solapa de la portada. aPrimer Concurso Regional de Literatura, 2011.  aPremio Cuento ¨Virgilio Díaz Grullón¨ aInventariado, 2020 / YL 4aCuentos dominicanos 4aLiteratura dominicana aYlockward/Validado. Control de calidad MFF 2ddccLBS1 00102ddc51708PDaBNPHUbBNPHUcHDd2018-12-06eNieves L. Enuterio R.oBNPHU PD RD863.5 M953cp2020-0442r2020-11-06w2020-11-06yLBS1 c49102d49102